000 00562nam a2200169Ia 4500
999 _c21024
_d21024
003 OSt
005 20200605104038.0
008 190216s9999||||xx |||||||||||||| ||und||
020 _a9788175962514
040 _coclc
082 _a320.54095409041
_bGOU/H
100 _aGould, William
_92508
245 0 _aHindu Nationalism And The Language Of Politics In Late Colonial India /
_cWilliam Gould
260 _bFoundations Books Pvt,
_aNew Delhi:
_c2005.
300 _a302p
942 _cBK
_2ddc
_h320.54095409041
_iGOU/H
_k320.54095409041
_mGOU/H